Disability Studies and Spanish Culture : Films, Novels, the Comic and the Public Exhibition.

Disability Studies and Spanish Culture is the first book to explore representations of intellectual disabilities (Down syndrome, autism, alexia/agnosia) in contemporary Spanish films, novels, a graphic novel/comic and public expositions by disabled artists.

Bibliographic Details
Main Author: Fraser, Benjamin.
Format: eBook
Language:English
Published: Liverpool : Liverpool University Press, 2013.
Edition:1st ed.
Series:Representations: Health, Disability, Culture and Society Series
Subjects:
Online Access:Click to View
LEADER 02159nam a22004093i 4500
001 EBC6898726
003 MiAaPQ
005 20231204023221.0
006 m o d |
007 cr cnu||||||||
008 231204s2013 xx o ||||0 eng d
020 |a 9781781386415  |q (electronic bk.) 
020 |z 9781846318702 
035 |a (MiAaPQ)EBC6898726 
035 |a (Au-PeEL)EBL6898726 
035 |a (OCoLC)861200352 
040 |a MiAaPQ  |b eng  |e rda  |e pn  |c MiAaPQ  |d MiAaPQ 
082 0 |a 305.90840946 
100 1 |a Fraser, Benjamin. 
245 1 0 |a Disability Studies and Spanish Culture :  |b Films, Novels, the Comic and the Public Exhibition. 
250 |a 1st ed. 
264 1 |a Liverpool :  |b Liverpool University Press,  |c 2013. 
264 4 |c Ã2013. 
300 |a 1 online resource (225 pages) 
336 |a text  |b txt  |2 rdacontent 
337 |a computer  |b c  |2 rdamedia 
338 |a online resource  |b cr  |2 rdacarrier 
490 1 |a Representations: Health, Disability, Culture and Society Series ;  |v v.6 
505 0 |a Cover -- Half-title -- Title page -- Copyright page -- Contents -- Acknowledgments -- Introduction -- Chapter 1 -- Chapter 2 -- Chapter 3 -- Chapter 4 -- Epilogue: Exhibiting Art -- References -- Index. 
520 |a Disability Studies and Spanish Culture is the first book to explore representations of intellectual disabilities (Down syndrome, autism, alexia/agnosia) in contemporary Spanish films, novels, a graphic novel/comic and public expositions by disabled artists. 
588 |a Description based on publisher supplied metadata and other sources. 
590 |a Electronic reproduction. Ann Arbor, Michigan : ProQuest Ebook Central, 2023. Available via World Wide Web. Access may be limited to ProQuest Ebook Central affiliated libraries.  
655 4 |a Electronic books. 
776 0 8 |i Print version:  |a Fraser, Benjamin  |t Disability Studies and Spanish Culture  |d Liverpool : Liverpool University Press,c2013  |z 9781846318702 
797 2 |a ProQuest (Firm) 
830 0 |a Representations: Health, Disability, Culture and Society Series 
856 4 0 |u https://ebookcentral.proquest.com/lib/matrademy/detail.action?docID=6898726  |z Click to View